| 000 | 00897nam a22002057a 4500 | ||
|---|---|---|---|
| 005 | 20240704145451.0 | ||
| 010 | _aHIN-127941 | ||
| 020 |
_a9789355324511 _c475.00 |
||
| 035 | _aHN-100287 | ||
| 037 | _bDBAD | ||
| 082 | _a300 | ||
| 100 |
_aसिंह, उमराव _968146 |
||
| 245 |
_aसामाजिक अध्ययन और शिक्षण शास्त्र: _b(वर्ग: VI-VIII)/ _cउमराव सिंह और संगीता कौशिक |
||
| 250 | _aचतुर्थ | ||
| 260 |
_aChennai _bMcGraw Hill Education (India) Private Limited _c2023 |
||
| 270 |
_aAnjana Complex No: 5/90 A, Butt Road, _aSt. Thomas Mount, _bChennai _e600016 |
||
| 300 |
_aविभिन्न पृष्ट _c24 सेमी (अजिल्द) |
||
| 700 |
_aकौशिक, संगीता _968147 |
||
| 942 |
_adpl _cHN _2ddc _h300 _mउमरा |
||
| 999 |
_c203963 _d203963 |
||